Loading...
| Science - Biology | 0 | 7 | 0 | 0 | 70 | 30 | 49.71 | 2 | 5 | 38.27 | 56.67 |
| Science - Chemistry | 0 | 7 | 1 | 1 | 65 | 25 | 69.86 | 2 | 4 | 28.14 | 46.83 |
| Fine Arts - Classical Music | 0 | 6 | 2 | 1 | 50 | 78 | 97.67 | 0 | 0 | 12.89 | 29.67 |
| Fine Arts - Other | 0 | 4 | 0 | 0 | 40 | 81 | 103.75 | 0 | 1 | 9.04 | 29.50 |
| Science - Physics | 0 | 3 | 1 | 1 | 25 | 75 | 105.33 | 0 | 0 | 4.48 | 11.17 |
| Mythology | 0 | 2 | 0 | 0 | 20 | 61 | 73.50 | 0 | 1 | 9.36 | 14.67 |
| Literature - World | 0 | 2 | 0 | 0 | 20 | 109 | 126.00 | 0 | 0 | 2.11 | 5.00 |
| Science - Other | 0 | 2 | 0 | 0 | 20 | 84 | 108.00 | 0 | 0 | 3.17 | 10.17 |
| Fine Arts - Painting and Sculpture | 0 | 1 | 0 | 0 | 10 | 78 | 78.00 | 0 | 0 | 3.28 | 5.00 |
| History - American | 0 | 1 | 0 | 0 | 10 | 103 | 103.00 | 0 | 0 | 1.63 | 5.00 |
| Literature - British | 0 | 1 | 0 | 0 | 10 | 136 | 136.00 | 0 | 0 | 0.00 | 1.00 |
| Literature - European | 0 | 1 | 0 | 0 | 10 | 131 | 131.00 | 0 | 0 | 0.00 | 1.00 |
| Other Academic | 0 | 1 | 0 | 0 | 10 | 115 | 115.00 | 0 | 0 | 1.27 | 20.00 |
| Philosophy | 0 | 1 | 0 | 0 | 10 | 90 | 90.00 | 0 | 1 | 2.24 | 8.00 |
| Popular Culture | 0 | 1 | 0 | 0 | 10 | 53 | 53.00 | 1 | 1 | 20.53 | 30.56 |
| History - Other | 0 | 1 | 0 | 0 | 10 | 89 | 89.00 | 0 | 0 | 2.64 | 4.00 |
| History - World | 0 | 1 | 1 | 0 | 5 | 82 | 82.00 | 0 | 0 | 2.99 | 4.00 |
| Social Science | 0 | 1 | 1 | 0 | 5 | 89 | 89.00 | 0 | 0 | 3.26 | 7.00 |
| Religion | 0 | 1 | 1 | 1 | 5 | 111 | 111.00 | 0 | 0 | 0.00 | 1.00 |